| 000 | 01100cam a22002054a 4500 | ||
|---|---|---|---|
| 005 | 20250605164127.0 | ||
| 008 | 250528s ||||||||||||||||||||||||d | ||
| 035 | _a18495 | ||
| 020 | _a70049610 | ||
| 040 |
_aGR-AtMCL _bgre _dGR-AtMCL _eAACR2 |
||
| 245 | 1 | _aPrecalculus / Functions and Graphs | |
| 260 |
_bMcgraw Hill, Inc, _c1993 |
||
| 300 | _a1006 | ||
| 520 | _aPreface, Chapter Dendencies, Equations and Inequalities, Graphs and Functions, Polynomial Functions: Graphs and Zeros, Exponential and Logarithmic Functions, Trigonometric Functions, Trigonometric Identities and Conditional Equations, Additional Topics in Trigonometry, Systems of Equations and Inequalities, Matrices and Determinants, Sequences and Series, Additional Topics in Analytic Geometry, Basic Agebraic Operations, Significant Digits, Common Logarithms, Natural Logarithms, Trigonometric Functions - Radians or Real Numbers, Trigonometric Functions - Degrees and Minutes, Answers, Index. | ||
| 700 | 1 |
_aBarnett Raymond A. _94756 |
|
| 700 | 1 |
_aZiegler Michael _94757 |
|
| 942 | _cBK | ||
| 999 |
_c3853 _d3853 |
||